Antología del inmigrante

Wedi'i Gadw mewn:
Manylion Llyfryddiaeth
Prif Awdur: Peña, Horacio
Fformat: Llyfr
Iaith:Undetermined
Cyhoeddwyd: San José, Costa Rica Asociación Libro Libre 1988
Pynciau:
Tagiau: Ychwanegu Tag
Dim Tagiau, Byddwch y cyntaf i dagio'r cofnod hwn!

MARC

LEADER 00000nam a2200000Ia 4500
008 170316s9999 xx 000 0 und d
040 |a cru BVZT 
090 |a 860 P-17a 
100 |a Peña, Horacio 
245 |a Antología del inmigrante 
260 |a San José, Costa Rica  |b Asociación Libro Libre  |c 1988 
300 |a 104páginas 
650 |a LITERATURA LATINOAMERICANA 
999 |c 9078  |d 9078 
942 |c 15 D  |h 860 P-17a  |2 z